[Event "4NCL Division 4 South"]
[Site "Telford, ENG"]
[Date "2016.03.20"]
[Round "8.99"]
[White "Zdanowski, Adrian"]
[Black "Howell, Chris I"]
[Result "0-1"]
[WhiteElo "1967"]
[BlackElo "1997"]
[PlyCount "72"]
[EventDate "2016.03.20"]

1. d4 Nf6 2. c4 g6 3. Nc3 Bg7 4. e4 d6 5. Nf3 O-O 6. Be2 e5 7. O-O Nc6 8. d5
Ne7 9. b4 Nh5 10. g3 f5 11. Ng5 Nf6 12. Bf3 a5 13. Ba3 h6 14. Ne6 Bxe6 15. dxe6
axb4 16. Bxb4 c5 17. Bxc5 dxc5 18. exf5 e4 19. Bg2 gxf5 20. Rb1 Qxd1 21. Rfxd1
Ra6 22. Rxb7 Rxe6 23. Ne2 Ra8 24. Nf4 Re5 25. Rd2 Ra4 26. Bh3 Rxc4 27. Rd8+ Kf7
28. Bf1 Rc2 29. a4 e3 30. fxe3 Rxe3 31. a5 Re1 32. Nd3 Ra1 33. a6 Ng4 34. Nxc5
Ne3 35. Rxe7+ Kxe7 36. Rd7+ Ke8 0-1

[Event "4NCL Division 4 South"]
[Site "Telford, ENG"]
[Date "2016.03.20"]
[Round "8.99"]
[White "Graham, Cassie M"]
[Black "Ilesanmi, Olusegun"]
[Result "1/2-1/2"]
[WhiteElo "1802"]
[BlackElo "1915"]
[PlyCount "85"]
[EventDate "2016.03.20"]

1. e4 Nc6 2. d4 d5 3. e5 Bf5 4. Bb5 e6 5. Ne2 Nge7 6. Bg5 h6 7. Be3 a6 8. Bd3
Bxd3 9. Qxd3 Nf5 10. c3 Be7 11. Ng3 Nxg3 12. hxg3 Qd7 13. Nd2 O-O-O 14. a3 f6
15. exf6 Bxf6 16. Nb3 Be7 17. O-O-O e5 18. Kb1 Rhf8 19. Ka1 exd4 20. cxd4 Bd6
21. Rc1 Qf5 22. Qd1 Rde8 23. Rc3 Na7 24. Rh5 Qf7 25. a4 Kb8 26. Rh3 Bb4 27. Rc1
b6 28. Nd2 Qd7 29. Nb1 b5 30. Qb3 Ba5 31. Rc5 c6 32. axb5 axb5 33. Rc2 Bc7 34.
Nc3 Bb6 35. Na2 Rf7 36. Nb4 Qb7 37. Qa3 Re6 38. Rh4 Qd7 39. Bf4+ Ka8 40. Be3 g5
41. Rh1 Bc7 42. Rhc1 Rff6 43. Kb1 1/2-1/2

[Event "4NCL Division 4 South"]
[Site "Telford, ENG"]
[Date "2016.03.20"]
[Round "8.99"]
[White "Tarr, Steve F"]
[Black "Forster, Matthew"]
[Result "0-1"]
[WhiteElo "1900"]
[BlackElo "1680"]
[PlyCount "58"]
[EventDate "2016.03.20"]

1. d4 c5 2. c3 Nf6 3. Bf4 Qb6 4. Qb3 Qxb3 5. axb3 cxd4 6. Bxb8 Rxb8 7. Rxa7 e5
8. Nf3 dxc3 9. bxc3 Bc5 10. Ra5 b6 11. Ra1 e4 12. Nd4 e3 13. fxe3 O-O 14. b4
Bd6 15. Nd2 Ng4 16. Nc4 Bxh2 17. Kd2 d5 18. Nb2 Bg3 19. Rh3 Nf6 20. Rh1 Ne4+
21. Kc2 Bg4 22. Nd3 Ra8 23. Rxa8 Rxa8 24. Kb2 g6 25. Nf4 Rd8 26. Nc6 Rd6 27.
Nxd5 Nf2 28. Rh3 Bxh3 29. gxh3 Bh4 0-1

[Event "4NCL Division 4 South"]
[Site "Telford, ENG"]
[Date "2016.03.20"]
[Round "8.99"]
[White "Woods, Timothy J"]
[Black "Kolbusz, George"]
[Result "0-1"]
[WhiteElo "1724"]
[BlackElo "1892"]
[PlyCount "52"]
[EventDate "2016.03.20"]

1. e4 c5 2. Nf3 e6 3. d4 cxd4 4. Nxd4 Qb6 5. Nb3 Qc7 6. Nc3 a6 7. Bd3 Nf6 8.
Qe2 Nc6 9. f4 d6 10. Be3 Be7 11. g4 Nd7 12. O-O-O Nb4 13. Kb1 b6 14. f5 Ne5 15.
Rhg1 Bd7 16. Qf2 Nexd3 17. cxd3 Bd8 18. Rgf1 a5 19. a3 Nc6 20. Rc1 Qb7 21. Nd4
Nxd4 22. Bxd4 e5 23. Be3 Bc6 24. h4 b5 25. g5 b4 26. axb4 axb4 0-1

[Event "4NCL Division 4 South"]
[Site "Telford, ENG"]
[Date "2016.03.20"]
[Round "8.99"]
[White "Keady, Mark A"]
[Black "Finn, Thomas"]
[Result "0-1"]
[WhiteElo "1855"]
[BlackElo "1657"]
[PlyCount "58"]
[EventDate "2016.03.20"]

1. e4 e5 2. Nf3 Nf6 3. d4 Nxe4 4. dxe5 d5 5. Bd3 Nc6 6. O-O Bg4 7. Bb5 Bc5 8.
h3 Bh5 9. Bf4 O-O 10. c3 Kh8 11. a4 f6 12. e6 Re8 13. b4 Bxf2+ 14. Rxf2 Nxf2
15. Kxf2 Rxe6 16. g4 Bg6 17. Bxc6 Rxc6 18. Nd4 Rc4 19. Qf3 Bxb1 20. Rxb1 Qd7
21. Ra1 Re8 22. a5 c6 23. Re1 Rxe1 24. Kxe1 c5 25. bxc5 Rxc5 26. g5 Qe7+ 27.
Kd2 fxg5 28. Be5 Rxa5 29. Bxg7+ Qxg7 0-1

[Event "4NCL Division 4 South"]
[Site "Telford, ENG"]
[Date "2016.03.20"]
[Round "8.99"]
[White "Howell, Matthew G"]
[Black "Lewis, Christopher D"]
[Result "0-1"]
[WhiteElo "1500"]
[BlackElo "1892"]
[PlyCount "96"]
[EventDate "2016.03.20"]

1. e4 c6 2. Nf3 d5 3. exd5 cxd5 4. Ne5 Nf6 5. Bb5+ Nbd7 6. d4 a6 7. Ba4 e6 8.
Nd2 b5 9. Bb3 Nxe5 10. dxe5 Nd7 11. Nf3 Qc7 12. Bf4 Nc5 13. O-O Be7 14. c3 Nxb3
15. Qxb3 O-O 16. Rfe1 Rb8 17. Rac1 Qc4 18. Be3 Bd7 19. Nd4 Rfc8 20. Qc2 a5 21.
b3 Qc7 22. Qd2 Qb7 23. Bg5 Ba3 24. Rc2 b4 25. Re3 Rxc3 26. Rcxc3 bxc3 27. Qxc3
Rc8 28. Qd2 h6 29. Bf4 g5 30. Bg3 Bc1 31. Qxa5 Bxe3 32. fxe3 Rc1+ 33. Kf2 Qc8
34. h4 Ra1 35. hxg5 hxg5 36. a4 Qc1 37. Bh2 Qf1+ 38. Kg3 Ra2 39. Kg4 Rxg2+ 40.
Bg3 f5+ 41. Kh5 Kf7 42. Qe1 Qd3 43. Bf2 Qe4 44. Qe2 Rxf2 45. Qxf2 Qg4+ 46. Kh6
Qh3+ 47. Kxg5 Qg4+ 48. Kh6 Qg6# 0-1

[Event "4NCL Division 4 South"]
[Site "Telford, ENG"]
[Date "2016.03.20"]
[Round "8.99"]
[White "Collins, Jonathan"]
[Black "Davis, Lee"]
[Result "1/2-1/2"]
[WhiteElo "1897"]
[BlackElo "1977"]
[PlyCount "111"]
[EventDate "2016.03.20"]

1. d4 e6 2. Nf3 Nf6 3. Nbd2 c5 4. e3 Nc6 5. Bd3 d5 6. c3 Bd6 7. Qe2 cxd4 8.
exd4 O-O 9. Ne5 Bxe5 10. dxe5 Nd7 11. Nf3 Qc7 12. Bf4 f6 13. exf6 Qxf4 14.
Qxe6+ Kh8 15. fxg7+ Kxg7 16. Qxd5 Nf6 17. Qc4 Re8+ 18. Kf1 Qxc4 19. Bxc4 Bg4
20. Re1 Rxe1+ 21. Nxe1 Ne4 22. Bb5 Nd2+ 23. Kg1 Re8 24. Nc2 Be2 25. Bxc6 bxc6
26. h4 Nc4 27. b3 Bd3 28. Nb4 Ne5 29. Nxd3 Nxd3 30. Rh3 Re1+ 31. Kh2 Nxf2 32.
Rg3+ Kh6 33. Rf3 Rh1+ 34. Kg3 Ne4+ 35. Kf4 Rxh4+ 36. Kf5 Nc5 37. g4 Kg7 38. b4
Nd7 39. Ke6 Nf8+ 40. Kd6 Rh6+ 41. Kc7 Ne6+ 42. Kb7 a5 43. Re3 axb4 44. cxb4 Nd4
45. Re4 Nb5 46. Re3 Rg6 47. a4 Nd4 48. Re4 Rd6 49. Kc7 Rd5 50. a5 c5 51. b5
Nxb5+ 52. Kc6 Rd4 53. Re7+ Kf6 54. Rxh7 Kg6 55. Re7 Kf6 56. Rh7 1/2-1/2

[Event "4NCL Division 4 South"]
[Site "Telford, ENG"]
[Date "2016.03.20"]
[Round "8.99"]
[White "Fletcher, John"]
[Black "Donaghay, Richard H"]
[Result "1-0"]
[WhiteElo "1968"]
[BlackElo "1924"]
[PlyCount "109"]
[EventDate "2016.03.20"]

1. d4 d6 2. e4 Nf6 3. Nc3 g6 4. Be2 Bg7 5. g4 h6 6. Be3 c6 7. h3 b5 8. a3 Qa5
9. b4 Qc7 10. f4 a5 11. e5 dxe5 12. fxe5 Nfd7 13. Nf3 axb4 14. axb4 Rxa1 15.
Qxa1 Na6 16. Qa5 O-O 17. Kd2 Rd8 18. Bd3 Bb7 19. Ke2 Nb6 20. Qa3 Nd5 21. Nxd5
cxd5 22. c3 Rc8 23. Bd2 Qd7 24. Qa5 Nc7 25. Qb6 Rb8 26. Ra1 Ra8 27. Rxa8+ Bxa8
28. Qb8+ Kh7 29. Kf2 Bc6 30. h4 Na6 31. Qb6 Nc7 32. h5 Ne6 33. hxg6+ fxg6 34.
Nh4 Nf8 35. Kg3 Qe8 36. Qa7 Bd7 37. Qb7 e6 38. Qc7 Kh8 39. Qa7 g5 40. Nf3 Bc6
41. Qb6 Bd7 42. Be3 Qc8 43. Bd2 Qc6 44. Qd8 Be8 45. Ne1 Bd7 46. Nc2 Qc8 47.
Qxc8 Bxc8 48. Bxb5 Nd7 49. Kf3 Kg8 50. Ke3 Kf7 51. Kd3 Nb6 52. Bc6 Nc4 53. Ne3
Nxd2 54. Kxd2 Bf8 55. b5 1-0

[Event "4NCL Division 4 South"]
[Site "Telford, ENG"]
[Date "2016.03.20"]
[Round "8.99"]
[White "Szymanski, Mark"]
[Black "Davies, Peter"]
[Result "1/2-1/2"]
[WhiteElo "1875"]
[BlackElo "2008"]
[PlyCount "83"]
[EventDate "2016.03.20"]

1. d4 Nf6 2. Nf3 d6 3. c4 g6 4. Nc3 Bg7 5. e4 O-O 6. Bd3 e5 7. d5 a5 8. O-O Na6
9. a3 Bd7 10. Rb1 Nc5 11. Bc2 Qe8 12. Be3 b6 13. Bxc5 bxc5 14. a4 Nh5 15. Nd2
f5 16. Nb5 Bxb5 17. cxb5 f4 18. f3 Qb8 19. Nc4 Rd8 20. Qe1 Nf6 21. Nxa5 Rf8 22.
b3 g5 23. Nc6 Qe8 24. a5 Nd7 25. Bd3 h5 26. b4 cxb4 27. Qxb4 Nc5 28. Be2 Qd7
29. b6 cxb6 30. axb6 Nb7 31. Rfc1 Rfc8 32. Bb5 Qf7 33. Ra1 Bf8 34. Na7 Rxc1+
35. Rxc1 Nc5 36. Qa3 g4 37. Bc6 Rb8 38. Rb1 Qh7 39. Qa2 Qg7 40. Kh1 Kh8 41. Ba4
Rxb6 42. Rxb6 1/2-1/2

[Event "4NCL Division 4 South"]
[Site "Telford, ENG"]
[Date "2016.03.20"]
[Round "8.99"]
[White "Perrett, David C"]
[Black "Jones, Robert L"]
[Result "1-0"]
[WhiteElo "1937"]
[BlackElo "1826"]
[PlyCount "99"]
[EventDate "2016.03.20"]

1. d4 d5 2. Bg5 f6 3. Bf4 Nc6 4. e3 e5 5. Bg3 exd4 6. exd4 Qe7+ 7. Ne2 Bf5 8.
c3 O-O-O 9. Na3 a6 10. Nc2 Bxc2 11. Qxc2 g6 12. O-O-O Bh6+ 13. Kb1 f5 14. Bf4
Qe4 15. f3 Qxc2+ 16. Kxc2 Bxf4 17. Nxf4 Nf6 18. Bd3 Rhe8 19. h4 Kb8 20. Kd2 Re7
21. Rde1 Rde8 22. Rxe7 Rxe7 23. Re1 Rxe1 24. Kxe1 Ne7 25. Kf2 c6 26. b4 b5 27.
Ne6 Kb7 28. Ke3 Nc8 29. Kf4 Nb6 30. Nc5+ Kc8 31. Ke5 Nfd7+ 32. Kd6 Nb8 33. Nxa6
Nxa6 34. Kxc6 Na4 35. Kxb5 Nxc3+ 36. Kxa6 Nxa2 37. Kb5 Kb7 38. Kc5 Nc3 39. Bc2
Ne2 40. Bb3 Nf4 41. Bxd5+ Kc7 42. g3 Ne2 43. g4 fxg4 44. fxg4 h6 45. b5 g5 46.
hxg5 hxg5 47. b6+ Kb8 48. Bc6 Nf4 49. d5 Nd3+ 50. Kd4 1-0

[Event "4NCL Division 4 South"]
[Site "Telford, ENG"]
[Date "2016.03.20"]
[Round "8.99"]
[White "Collicott, Peter J"]
[Black "Thomas, Gary"]
[Result "0-1"]
[WhiteElo "1758"]
[BlackElo "1811"]
[PlyCount "90"]
[EventDate "2016.03.20"]

1. c4 Nf6 2. g3 g6 3. Bg2 Bg7 4. Nc3 O-O 5. d4 c5 6. e3 Nc6 7. Nf3 d6 8. O-O
Bf5 9. Nh4 Bd7 10. Nf3 Re8 11. d5 Na5 12. Nd2 e5 13. e4 a6 14. b3 b5 15. cxb5
axb5 16. Nf3 b4 17. Ne2 Nxe4 18. Nd2 Nxd2 19. Bxd2 e4 20. Rc1 Bb5 21. Re1 Nb7
22. Nf4 Rxa2 23. Bxe4 Na5 24. Bb1 Rxd2 25. Rxe8+ Qxe8 26. Qxd2 Nxb3 27. Re1
Nxd2 28. Rxe8+ Bf8 29. Rb8 Bc4 30. Bd3 Ba2 31. Ne2 c4 32. Bc2 b3 33. Nc3 bxc2
34. Nxa2 Nb3 35. Rc8 c1=Q+ 36. Nxc1 Nxc1 37. Rxc4 Nd3 38. Kf1 g5 39. Ke2 Ne5
40. Rc8 g4 41. Ke3 Kg7 42. Kf4 Be7 43. Rb8 Kg6 44. Rb6 f5 45. Ke3 Nc4+ 0-1

[Event "4NCL Division 4 South"]
[Site "Telford, ENG"]
[Date "2016.03.20"]
[Round "8.99"]
[White "Dixon, Chris"]
[Black "Usher, Michael E"]
[Result "1/2-1/2"]
[WhiteElo "1803"]
[BlackElo "1675"]
[PlyCount "62"]
[EventDate "2016.03.20"]

1. Nf3 b6 2. g3 Bb7 3. d3 e6 4. Bg2 f5 5. O-O Nf6 6. Nbd2 Be7 7. Re1 O-O 8. e4
f4 9. e5 Nd5 10. c4 Nb4 11. Ne4 fxg3 12. hxg3 Qe8 13. a3 N4c6 14. d4 Qh5 15. b4
a5 16. b5 Nd8 17. Nfg5 Qg6 18. Nh3 d5 19. exd6 cxd6 20. Nf4 Qf7 21. Qe2 Nd7 22.
Bb2 Rc8 23. Nd2 Bxg2 24. Kxg2 e5 25. Nd5 Bf6 26. Nxf6+ Qxf6 27. Ne4 Qg6 28.
Rad1 Ne6 29. Kh2 Qh6+ 30. Kg2 Qg6 31. Kh2 Qh6+ 1/2-1/2

[Event "4NCL Division 4 South"]
[Site "Telford, ENG"]
[Date "2016.03.20"]
[Round "8.99"]
[White "Peters, Alexander John"]
[Black "Richardt, Mike"]
[Result "1/2-1/2"]
[WhiteElo "2018"]
[BlackElo "2032"]
[PlyCount "94"]
[EventDate "2016.03.20"]

1. e4 e5 2. Nf3 d6 3. d4 exd4 4. Nxd4 Nf6 5. Nc3 Be7 6. Be2 O-O 7. O-O Re8 8.
Bf4 Bf8 9. f3 c6 10. Bg5 Nbd7 11. Qd2 h6 12. Be3 Ne5 13. Bf2 d5 14. exd5 Nxd5
15. Nxd5 Qxd5 16. Rfd1 Ng6 17. Bd3 Qg5 18. Qxg5 hxg5 19. Bxg6 fxg6 20. h3 a6
21. Rd2 Bd6 22. Re1 Rxe1+ 23. Bxe1 Bf4 24. Re2 c5 25. Nb3 b6 26. Kf2 Kf7 27.
Nd2 Bb7 28. g3 Bc7 29. Ne4 Bxe4 30. Rxe4 Rh8 31. Kg2 Re8 32. Rxe8 Kxe8 33. Bd2
Bd8 34. Kf2 Kf7 35. Ke3 Ke6 36. Ke4 Bf6 37. b3 b5 38. c4 bxc4 39. bxc4 Be7 40.
Ba5 Kd6 41. f4 gxf4 42. Kxf4 Ke6 43. g4 g5+ 44. Ke4 g6 45. Bc3 Bd6 46. Bg7 Be7
47. Bc3 Bd6 1/2-1/2

[Event "4NCL Division 4 South"]
[Site "Telford, ENG"]
[Date "2016.03.20"]
[Round "8.176"]
[White "Taylor, William J"]
[Black "Ruthen, Stephen W"]
[Result "1-0"]
[WhiteElo "1973"]
[BlackElo "2023"]
[PlyCount "107"]
[EventDate "2016.03.20"]
[WhiteTeam "West is Best 2"]
[BlackTeam "Iceni 1"]

1. e4 e5 2. Nf3 Nc6 3. Bc4 Nf6 4. d3 Be7 5. O-O d6 6. a4 O-O 7. Re1 Na5 8. Ba2
c5 9. c3 Nc6 10. Na3 a6 11. Bd2 Rb8 12. Nc2 b5 13. axb5 axb5 14. b4 Qc7 15. Ne3
Re8 16. Nd5 Nxd5 17. Bxd5 Be6 18. Qb3 Bxd5 19. Qxd5 h6 20. Ra6 Rb6 21. Rxb6
Qxb6 22. bxc5 Qxc5 23. Be3 Qxd5 24. exd5 Nd8 25. Rb1 f5 26. Rxb5 Nf7 27. Rb7 g5
28. Ba7 Kg7 29. d4 e4 30. Nd2 Kf6 31. c4 Bd8 32. c5 f4 33. Nc4 e3 34. fxe3 fxe3
35. Kf1 dxc5 36. dxc5 Re4 37. Rxf7+ Kg6 38. Ke2 Rxc4 39. Rd7 Bf6 40. Kxe3 Kf5
41. c6 Rc3+ 42. Kd2 Ke4 43. d6 Rxc6 44. Bb8 Rb6 45. Bc7 Rb2+ 46. Kc1 Rxg2 47.
Rf7 Bd4 48. d7 Kd3 49. Rf3+ Kc4 50. d8=Q Rg1+ 51. Kd2 Rg2+ 52. Ke1 Rg1+ 53. Rf1
Bc3+ 54. Ke2 1-0

[Event "4NCL Division 4 South"]
[Site "Telford, ENG"]
[Date "2016.03.20"]
[Round "8.99"]
[White "Reynolds, D Ian W"]
[Black "Littlejohns, David P"]
[Result "1/2-1/2"]
[WhiteElo "2034"]
[BlackElo "1998"]
[PlyCount "67"]
[EventDate "2016.03.20"]

1. e4 c6 2. d4 d5 3. Nc3 dxe4 4. Nxe4 Bf5 5. Nc5 b6 6. Nb3 Nf6 7. Bd3 Bxd3 8.
Qxd3 e6 9. Nf3 Nbd7 10. O-O Be7 11. Bf4 O-O 12. c4 Re8 13. Rfe1 Nf8 14. Rad1
Ng6 15. Bg5 Nd7 16. Bxe7 Rxe7 17. g3 Nf6 18. Ne5 Nxe5 19. dxe5 Qxd3 20. Rxd3
Nd7 21. f4 Kf8 22. Rd6 Rc8 23. Nd4 Nb8 24. Rd1 Ke8 25. Nf3 h6 26. Nd2 Rd7 27.
Rxd7 Nxd7 28. Ne4 Ke7 29. Rd3 Rc7 30. Ra3 f6 31. exf6+ Nxf6 32. Nf2 Nd7 33. Nd3
Kf6 34. Kf2 1/2-1/2

[Event "4NCL Division 4 South"]
[Site "Telford, ENG"]
[Date "2016.03.20"]
[Round "8.99"]
[White "Hassall, Mark I"]
[Black "Calvert, D Ian"]
[Result "1/2-1/2"]
[WhiteElo "1949"]
[BlackElo "1990"]
[PlyCount "37"]
[EventDate "2016.03.20"]

1. e4 d5 2. exd5 Qxd5 3. Nc3 Qd6 4. d4 Nf6 5. Nf3 a6 6. g3 Bg4 7. Bg2 Nc6 8.
O-O O-O-O 9. d5 Ne5 10. Bf4 Nxf3+ 11. Bxf3 Bxf3 12. Qxf3 e5 13. dxe6 Qxe6 14.
Rfe1 Qf5 15. Qe2 Bd6 16. Bxd6 Rxd6 17. f3 Qc5+ 18. Qf2 Qxf2+ 19. Kxf2 1/2-1/2

[Event "4NCL Division 4 South"]
[Site "Telford, ENG"]
[Date "2016.03.20"]
[Round "8.99"]
[White "Downham, Alan F"]
[Black "Davies, Matthew"]
[Result "1/2-1/2"]
[WhiteElo "1988"]
[BlackElo "1956"]
[PlyCount "88"]
[EventDate "2016.03.20"]

1. c4 c5 2. g3 g6 3. Bg2 Bg7 4. Nc3 Nc6 5. e3 d6 6. Nge2 e5 7. O-O Nge7 8. d3
O-O 9. a3 Rb8 10. Rb1 Bg4 11. h3 Be6 12. e4 Qd7 13. Kh2 f5 14. f4 Nd4 15. exf5
Nexf5 16. Ne4 Nxe2 17. Qxe2 Kh8 18. fxe5 Bxe5 19. Bf4 Bxf4 20. Rxf4 Nd4 21. Qd2
Rxf4 22. Qxf4 Rd8 23. Qf6+ Kg8 24. Rf1 Nf5 25. Ng5 Ne3 26. Nxe6 Nxf1+ 27. Bxf1
Re8 28. Bg2 Qf7 29. Qxf7+ Kxf7 30. Ng5+ Kg7 31. Be4 Rb8 32. a4 a6 33. b3 b5 34.
axb5 axb5 35. cxb5 Rxb5 36. Bd5 Rb4 37. Bc4 Kf6 38. Ne4+ Ke5 39. Nc3 Rb8 40.
Kg2 Rd8 41. Nd5 Rf8 42. h4 Kd4 43. Nf4 Ke3 44. Nd5+ Kd4 1/2-1/2

[Event "4NCL Division 4 South"]
[Site "Telford, ENG"]
[Date "2016.03.20"]
[Round "8.99"]
[White "Staniforth, Matthew"]
[Black "Feavyour, John A"]
[Result "0-1"]
[WhiteElo "1857"]
[BlackElo "1983"]
[PlyCount "42"]
[EventDate "2016.03.20"]

1. e4 c5 2. Nf3 d6 3. d4 cxd4 4. Nxd4 Nf6 5. Nc3 a6 6. Be2 e5 7. Nf5 Bxf5 8.
exf5 Nc6 9. Bg5 Be7 10. Bxf6 Bxf6 11. Nd5 O-O 12. c3 e4 13. O-O Re8 14. Re1 Rc8
15. Qb3 Na5 16. Qc2 Be5 17. Rad1 Qg5 18. Ne3 Nc6 19. Bf1 Nd4 20. Qb1 Nf3+ 21.
Kh1 Bxh2 0-1

[Event "4NCL Division 4 South"]
[Site "Telford, ENG"]
[Date "2016.03.20"]
[Round "8.99"]
[White "Chan, Nevil"]
[Black "Price, Andrew"]
[Result "1-0"]
[WhiteElo "2019"]
[BlackElo "1892"]
[PlyCount "85"]
[EventDate "2016.03.20"]

1. d4 d5 2. Nc3 e6 3. Nf3 c5 4. e4 cxd4 5. Qxd4 Nc6 6. Bb5 Bd7 7. Bxc6 bxc6 8.
e5 Qb6 9. Qd2 Be7 10. O-O Nh6 11. Qd3 Nf5 12. b3 h5 13. Bf4 c5 14. a4 Bc6 15.
Rfe1 a6 16. Ne2 d4 17. Ng3 Nxg3 18. fxg3 Qb7 19. Re2 Bxf3 20. Qxf3 Qxf3 21.
gxf3 O-O-O 22. Rd1 Rd7 23. Rd3 Rhd8 24. g4 Rd5 25. gxh5 Rh8 26. Rg2 Rxh5 27.
Rxg7 Rf5 28. Bg3 Kb7 29. f4 Rd7 30. Kg2 Kc6 31. Kf3 Bd8 32. Ke4 Bb6 33. Rg5
Rxg5 34. fxg5 c4 35. bxc4 Kc5 36. c3 Kxc4 37. cxd4 Kb4 38. d5 exd5+ 39. Rxd5
Rxd5 40. Kxd5 Kxa4 41. e6 fxe6+ 42. Kxe6 Bd4 43. Be5 1-0

[Event "4NCL Division 4 South"]
[Site "Telford, ENG"]
[Date "2016.03.20"]
[Round "8.99"]
[White "Ireland, David J"]
[Black "Campbell, Mark C"]
[Result "0-1"]
[WhiteElo "1929"]
[BlackElo "1943"]
[PlyCount "86"]
[EventDate "2016.03.20"]

1. e4 c5 2. Nc3 Nc6 3. f4 g6 4. Nf3 Bg7 5. Bb5 Nd4 6. O-O a6 7. Bd3 b5 8. e5
Bb7 9. Be4 Qb8 10. d3 f5 11. Bxb7 Qxb7 12. Be3 Nxf3+ 13. Qxf3 Qxf3 14. Rxf3 d6
15. Re1 O-O-O 16. d4 cxd4 17. Bxd4 dxe5 18. Bxe5 Bxe5 19. Rxe5 Rd2 20. Rf2 Rxf2
21. Kxf2 Kd7 22. a4 Nf6 23. Ke2 b4 24. Nd5 Ng4 25. Rxe7+ Kd6 26. h3 Nf6 27.
Nxf6 Kxe7 28. Nd5+ Kd6 29. Nxb4 a5 30. Nd3 Kd5 31. Ke3 Rc8 32. Kd2 Ke4 33. b3
Rc7 34. g3 Kf3 35. c3 Kxg3 36. b4 Kxh3 37. b5 Kg3 38. Nb2 h5 39. c4 h4 40. b6
Rc6 41. c5 Rxc5 42. b7 Rd5+ 43. Kc3 Rd8 0-1

[Event "4NCL Division 4 South"]
[Site "Telford, ENG"]
[Date "2016.03.20"]
[Round "8.99"]
[White "Phillips, William"]
[Black "Pink, Joshua"]
[Result "1/2-1/2"]
[WhiteElo "1876"]
[BlackElo "1952"]
[PlyCount "146"]
[EventDate "2016.03.20"]

1. d4 Nf6 2. Nf3 d5 3. c4 e6 4. Nc3 c6 5. e3 Nbd7 6. Bd3 dxc4 7. Bxc4 b5 8. Bd3
Bb7 9. O-O a6 10. a3 c5 11. dxc5 Nxc5 12. Bc2 Qc7 13. b4 Rd8 14. Qe2 Nce4 15.
Nxe4 Nxe4 16. Bxe4 Bxe4 17. Rd1 Bd6 18. Bb2 O-O 19. Rac1 Qb8 20. h3 Rc8 21. Bd4
Rxc1 22. Rxc1 Rc8 23. Qb2 Bxf3 24. gxf3 Rxc1+ 25. Qxc1 Qd8 26. f4 h5 27. Qc3 g6
28. Bf6 Qc7 29. Qxc7 Bxc7 30. Kf1 Kf8 31. Ke2 Ke8 32. Kd3 Kd7 33. f3 Kc6 34.
Bd4 a5 35. Bc3 axb4 36. axb4 Bd6 37. Bd2 Be7 38. e4 Bf6 39. Be3 Bg7 40. Bd2 Bh6
41. Be3 Kd6 42. Bc5+ Kd7 43. Be3 Bf8 44. Bd2 Bd6 45. Kd4 Kc6 46. Kd3 Be7 47.
Ke3 Bh4 48. Kd4 Kd6 49. Kd3 Bf2 50. Bc3 Bg3 51. Ke3 Kc6 52. Bd2 Kd7 53. Bc3 Kd6
54. Be5+ Ke7 55. Bc3 f6 56. e5 f5 57. Bd2 Kd7 58. Kd4 Kc6 59. Kc3 Kd5 60. Kd3
Bf2 61. Bc3 Bg1 62. Bd2 Bh2 63. Kc3 g5 64. fxg5 Bxe5+ 65. Kd3 Bg7 66. f4 e5 67.
fxe5 Bxe5 68. Bc3 Bxc3 69. Kxc3 h4 70. Kd3 Ke6 71. Kd4 Kf7 72. Ke5 Kg6 73. Kf4
Kh5 1/2-1/2

[Event "4NCL Division 4 South"]
[Site "Telford, ENG"]
[Date "2016.03.20"]
[Round "8.99"]
[White "Byrne, Nigel"]
[Black "Breed, Greg J"]
[Result "0-1"]
[WhiteElo "1783"]
[BlackElo "1793"]
[PlyCount "50"]
[EventDate "2016.03.20"]

1. e4 c5 2. c3 d5 3. exd5 Qxd5 4. d4 e5 5. dxe5 Qxe5+ 6. Be2 Nf6 7. Nf3 Qc7 8.
O-O Be7 9. Na3 O-O 10. Nb5 Qb6 11. c4 a6 12. Nc3 Rd8 13. Qc2 Nc6 14. Re1 Bg4
15. Bg5 Bxf3 16. Bxf6 Bxf6 17. Bxf3 Nd4 18. Qe4 Qxb2 19. Nd5 Nxf3+ 20. Qxf3 Bd4
21. Rab1 Re8 22. Red1 Qc2 23. Rdc1 Qd2 24. Rd1 Qa5 25. Rxb7 Re1+ 0-1

[Event "4NCL Division 4 South"]
[Site "Telford, ENG"]
[Date "2016.03.20"]
[Round "8.99"]
[White "Ivanov, George"]
[Black "Ho, Marco"]
[Result "1-0"]
[WhiteElo "1675"]
[BlackElo "1855"]
[PlyCount "55"]
[EventDate "2016.03.20"]

1. e4 c5 2. Nf3 e6 3. d4 cxd4 4. Nxd4 Nf6 5. f3 Nc6 6. Be3 a6 7. Nd2 d5 8. Nxc6
bxc6 9. Bd3 Be7 10. O-O e5 11. Bf2 Rb8 12. Bg3 Bd6 13. Qe1 O-O 14. exd5 Nxd5
15. Nc4 Re8 16. Nxd6 Qxd6 17. f4 Nb4 18. fxe5 Qd4+ 19. Qf2 Qxf2+ 20. Rxf2 Nxd3
21. cxd3 Be6 22. d4 Rb4 23. Rd2 Rd8 24. Bf2 Ra4 25. a3 Ra5 26. Rc2 Rb8 27. b4
Rxb4 28. Be1 1-0

[Event "4NCL Division 4 South"]
[Site "Telford, ENG"]
[Date "2016.03.20"]
[Round "8.99"]
[White "Marlow, Ben"]
[Black "Ivanov, Elizabeth"]
[Result "0-1"]
[WhiteElo "1825"]
[BlackElo "1558"]
[PlyCount "94"]
[EventDate "2016.03.20"]

1. c4 f5 2. Nc3 Nf6 3. g3 e5 4. Bg2 Nc6 5. e3 Bb4 6. Nge2 d6 7. O-O g5 8. a3
Bxc3 9. Nxc3 g4 10. d4 e4 11. b4 h5 12. b5 Ne7 13. Bb2 Ng6 14. c5 d5 15. Qb3
Be6 16. Rfc1 Qe7 17. a4 h4 18. b6 axb6 19. cxb6 c6 20. a5 Qg7 21. Nb5 cxb5 22.
Rc7 Qh6 23. Rxb7 Bc8 24. Qxb5+ Bd7 25. Qc5 hxg3 26. hxg3 Rc8 27. Rc7 Rxc7 28.
Qxc7 Bb5 29. Qc8+ Kf7 30. Qxh8 Qxh8 31. a6 Ne7 32. a7 Bc6 33. Bf1 Ba8 34. Ba6
Nc8 35. b7 Nxa7 36. Bb5 Bxb7 37. Rxa7 Qb8 38. Ra5 Bc8 39. Ba3 Qb6 40. Ra8 Bb7
41. Rf8+ Kg7 42. Be8 Nxe8 43. Rxe8 Ba6 44. Re5 Qb1+ 45. Kh2 Qf1 46. Rxf5 Qh3+
47. Kg1 Bf1 0-1

[Event "4NCL Division 4 South"]
[Site "Telford, ENG"]
[Date "2016.03.20"]
[Round "8.99"]
[White "Hendy, Jerry"]
[Black "Levens, David G"]
[Result "1/2-1/2"]
[WhiteElo "1832"]
[BlackElo "1944"]
[PlyCount "67"]
[EventDate "2016.03.20"]

1. e4 c5 2. Nc3 Nc6 3. f4 g6 4. Nf3 Bg7 5. d3 e6 6. Be3 d6 7. Qd2 Nge7 8. Be2
a6 9. d4 cxd4 10. Nxd4 O-O 11. O-O d5 12. exd5 Nxd5 13. Nxd5 Nxd4 14. Bxd4 Qxd5
15. c3 Bxd4+ 16. Qxd4 Qxd4+ 17. cxd4 Rd8 18. Rfd1 b5 19. Bf3 Ra7 20. d5 Rad7
21. dxe6 Rxd1+ 22. Rxd1 Rxd1+ 23. Bxd1 Bxe6 24. a3 Kg7 25. Kf2 Kf6 26. Ke3 Bd5
27. Bf3 Ke6 28. Bxd5+ Kxd5 29. Kd3 f5 30. h4 a5 31. b3 h6 32. Ke3 Kc5 33. Kd3
Kd5 34. Ke3 1/2-1/2

[Event "4NCL Division 4 South"]
[Site "Telford, ENG"]
[Date "2016.03.20"]
[Round "8.99"]
[White "Taylor, Robert P"]
[Black "McCann, John"]
[Result "0-1"]
[WhiteElo "1907"]
[BlackElo "1774"]
[PlyCount "82"]
[EventDate "2016.03.20"]

1. d4 d5 2. Bg5 Nf6 3. Nd2 h6 4. Bh4 Nc6 5. e3 Bf5 6. c3 e6 7. Ngf3 a6 8. Qa4
b5 9. Qd1 Be7 10. b4 O-O 11. a4 Na7 12. Ne5 Ne4 13. Bxe7 Qxe7 14. Nxe4 Bxe4 15.
Nd3 Bxd3 16. Bxd3 c6 17. Ra2 e5 18. dxe5 Qxe5 19. Qc2 bxa4 20. O-O Nb5 21. Rc1
a3 22. c4 dxc4 23. Bxc4 Rfc8 24. Qb3 Nd6 25. Be2 c5 26. bxc5 Rxc5 27. Rxc5 Qxc5
28. Rc2 Qa5 29. Kf1 Rc8 30. Rxc8+ Nxc8 31. Bc4 Nd6 32. Qb8+ Kh7 33. Qxd6 a2 34.
Qd3+ g6 35. Bxa2 Qxa2 36. f4 Qe6 37. Kf2 a5 38. Qa3 Qb6 39. Qf8 Qb3 40. g4 a4
41. h4 a3 0-1